MARC

LEADER 00000nam0a2200000 4500
001 301878
005 20231102001438.0
035 |a (RuTPU)RU\TPU\book\327070 
090 |a 301878 
100 |a 20150817d1971 k y0rusy50 ca 
101 0 |a rus 
102 |a RU 
105 |a a z 000zy 
200 1 |a Этажи надежности  |f А. А. Красновский, Л. Г. Ткаченко 
210 |a Москва  |c Машиностроение  |d 1971 
215 |a 160 с.  |c ил. 
606 1 |a Машины  |x Надежность  |2 stltpush  |3 (RuTPU)RU\TPU\subj\41708  |9 61494 
610 1 |a промышленные изделия 
610 1 |a проектирование 
610 1 |a производство 
610 1 |a эксплуатация 
610 1 |a техника 
610 1 |a организация труда 
675 |a 62-192  |v 4 
700 1 |a Красновский  |b А. А.  |g Александр Абрамович 
701 1 |a Ткаченко  |b Л. Г.  |g Леонид Григорьевич 
801 1 |a RU  |b 63413507  |c 20150817 
801 2 |a RU  |b 63413507  |c 20220530  |g RCR 
942 |c BK